000 00555nam a2200193Ia 4500
003 GCL
008 140319s9999 xx 000 0 ara d
040 _aGCL /
_cGCL
082 0 4 _a191
_bز ج
100 1 _aزكى نجيب محمود
245 1 0 _aجنة العبيط /
_cزكى نجيب محمود
260 _aالقاهرة :
_bدار الشروق ،
_c1988
300 _a197 ص ؛
_c20 سم
490 _a
650 0 4 _aالادب العربى
650 0 4 _aالقصص العربية
650 0 4 _aالقصص القصيرة
942 _2ddc
_cBK
999 _c39510
_d39510